Pays frontalier de l'Afghanistan - Mort subite - Statistiques

Statistiques générales
  • Ce quiz a été pris 151 fois
  • Le résultat moyen est 3 sur 6
Answers on the Grid
Answers color-coded by a green-red scale on the quiz's grid according to % correct below.
Turkménistan
Azerbaïdjan
Tadjikistan
Irak
Ouzbékistan
Kirghizistan
Chine
Oman
Pakistan
Iran
Kazakhstan
Inde
 
Statistiques - réponses
Réponse % Correct
Pakistan
82%
Iran
67%
Chine
63%
Turkménistan
51%
Tadjikistan
47%
Ouzbékistan
35%
Aucun quiz correspondant
Distribution des résultats
% des personnes avec chaque résultat
Percentile par nombre de réponses
Votre historique - résultats
Vous n’avez pas pris ce quiz